|
|
|
|
| LEADER |
00000nab a2200000uu 4500 |
| 001 |
vtls011435395 |
| 003 |
SK-MaSNL |
| 005 |
20260303145913.0 |
| 008 |
230222|1989 xo |||||||||||||||||ger| |
| 015 |
|
|
|a SNBRB
|
| 035 |
|
|
|a (urnnbn)urn:nbn:sk:snk:ar-001wmy
|
| 035 |
|
|
|a (uuid)31e68be0-307f-4d2b-872d-d77b0840eec9
|
| 035 |
|
|
|a urn:nbn:sk:snk-abcb0q
|
| 040 |
|
|
|a SNKBUCL
|b slo
|c SNKBUCL
|e AACR2
|
| 041 |
0 |
|
|a ger
|
| 044 |
|
|
|a xo
|c SK
|
| 100 |
1 |
|
|a Ďurišová, Anna
|4 aut
|9 297697
|
| 245 |
1 |
0 |
|a MOLAREN VON PALAEOLOXODON ANTIQUUS (FALCONER ET CAUTLEY, 1847) (MAMMALIA, PROBOSCIDEA) AUS DEN FLUVIALEN AKKUMULATIONEN DES WAAG-FLUSSES AUF DEM GEBIET VON ŠAĽA, KREIS GALANTA (TSCHECHOSLOWAKEI)
|c Anna Ďurišová
|
| 773 |
0 |
|
|t Zborník Slovenského národného múzea
|g Roč. 35, č. 35 (1989), s. 7-[16]
|
| 958 |
|
|
|a OND
|
| 958 |
|
|
|a EUIPO
|
| 958 |
|
|
|a article16
|
| 999 |
|
|
|c 2006131
|d 2008061
|